| 000 | 00571nam a2200157Ia 4500 | ||
|---|---|---|---|
| 008 | 170221s9999 xx 000 0 und d | ||
| 100 | _aRandall Starling | ||
| 245 | _aUsability Testing of an HPV Information Website for Parents and Adolescents | ||
| 245 | _cRandall Starling, Jessica A. Nodulman, Alberta S. Kong, Cosette M. Wheeler, David B. Buller, W. Gill Woodall | ||
| 260 | _bOnline Journal of Communication and Media Technologies | ||
| 260 | _c2015 | ||
| 300 | _a5 : 4 | ||
| 650 | _xCommunication | ||
| 650 | _xMedia Arts | ||
| 856 | _uhttp://www.ojcmt.net/ | ||
| 999 |
_c307137 _d307137 |
||